[Event "Sant Boi Lorente Memorial 11th"]
[Site "Sant Boi de Llobregat"]
[Date "2021.06.20"]
[Round "6"]
[White "Chalmeta Torredemer, Josep"]
[Black "Sosa, Tomas Sebastian"]
[Result "0-1"]
[WhiteElo "2004"]
[BlackElo "2541"]
[PlyCount "68"]
[EventDate "2021.06.20"]
[EventType "swiss"]
[EventRounds "8"]
[EventCountry "ESP"]
[SourceTitle "CBM 203 Extra"]
[Source "ChessBase"]
[SourceDate "2021.09.30"]
[SourceVersion "1"]
[SourceVersionDate "2021.09.30"]
[SourceQuality "1"]

1. d4 d6 2. c4 g6 3. Nc3 Bg7 4. e4 e5 5. d5 f5 6. Bd3 Nf6 7. Nf3 h6 8. Qc2 f4 9. h4 a5 10. c5 Na6 11. Bxa6 Rxa6 12. Bd2 0-0 13. 0-0-0 Ng4 14. Be1 Bd7 15. cxd6 cxd6 16. Kb1 b5 17. Rc1 Nf6 18. Qd3 Qb6 19. Nd2 b4 20. Ne2 Bb5 21. Qf3 Ra7 22. Nc4 Qa6 23. b3 a4 24. Bxb4 axb3 25. Qxb3 Nxe4 26. f3 Nf2 27. Rhf1 Nd3 28. Rc2 e4 29. fxe4 Bxc4 30. Rxc4 Nxb4 31. Rxb4 Qxe2 32. Rc1 Qxg2 33. Rb8 Qxa2+ 34. Qxa2 Rxb8+ 0-1

[Event "Sant Boi Lorente Memorial 10th"]
[Site "Sant Boi de Llobregat"]
[Date "2019.06.16"]
[Round "2"]
[White "Narciso Dublan, Marc"]
[Black "Chalmeta Torredemer, Josep"]
[Result "1-0"]
[WhiteElo "2489"]
[BlackElo "2007"]
[PlyCount "66"]
[EventDate "2019.06.16"]
[EventType "swiss (rapid)"]
[EventRounds "9"]
[EventCountry "ESP"]
[SourceTitle "EXT 2020"]
[Source "ChessBase"]
[SourceDate "2019.10.17"]
[SourceVersion "1"]
[SourceVersionDate "2019.10.17"]
[SourceQuality "1"]

1. d4 Nf6 2. Bg5 e6 3. e4 Be7 4. e5 Nd5 5. Bd2 d6 6. Qg4 dxe5 7. dxe5 g6 8. Nf3 h5 9. Qe4 Nc6 10. c4 Nb6 11. Nc3 a6 12. 0-0-0 Bd7 13. h4 Bc5 14. Bg5 Be7 15. Qf4 Bxg5 16. Nxg5 Qe7 17. Be2 0-0-0 18. Qxf7 Rdf8 19. Qxe7 Nxe7 20. Bf3 Bc6 21. b3 Bxf3 22. Nxf3 Nc6 23. Rd2 Nd7 24. Re1 Rf5 25. Ng5 Nc5 26. f3 Rxe5 27. Red1 Re3 28. Nce4 Nxe4 29. Nxe4 e5 30. Rd5 Re2 31. R1d2 Rxd2 32. Kxd2 Rd8 33. Rxd8+ Nxd8 1-0

[Event "Sant Boi op 29th"]
[Site "Sant Boi de Llobregat"]
[Date "2017.05.26"]
[Round "6"]
[White "Chalmeta Torredemer, Josep"]
[Black "Palacios Sanchez, Gabriel"]
[Result "1-0"]
[WhiteElo "2083"]
[BlackElo "1942"]
[PlyCount "97"]
[EventDate "2017.04.21"]
[EventType "swiss"]
[EventRounds "9"]
[EventCountry "ESP"]
[SourceTitle "CBM 187 Extra"]
[Source "ChessBase"]
[SourceDate "2018.11.04"]
[SourceVersion "1"]
[SourceVersionDate "2018.11.04"]
[SourceQuality "1"]

1. d4 e6 2. c4 a6 3. g3 c5 4. d5 Nf6 5. Bg2 Qb6 6. Qc2 Bd6 7. e4 0-0 8. Ne2 exd5 9. cxd5 Be5 10. 0-0 a5 11. Nd2 Qc7 12. Nc4 b6 13. Nxe5 Qxe5 14. Rd1 d6 15. Bd2 Nbd7 16. Nc3 Qh5 17. Ne2 Ne5 18. Qc3 g5 19. f4 Bh3 20. fxe5 Ng4 21. Qf3 dxe5 22. Bxh3 Qxh3 23. Qg2 Qh5 24. h3 Nf6 25. g4 Qg6 26. Ng3 h5 27. gxh5 Nxh5 28. Nxh5 Qxh5 29. Qxg5+ Qxg5+ 30. Bxg5 f6 31. Be3 Kf7 32. Kh2 Rh8 33. Bf2 Rh5 34. h4 Rah8 35. Bg3 R8h6 36. Rd3 Rg5 37. Kh3 Rgg6 38. Rf1 Ke7 39. Rdf3 Rh7 40. a4 Rh8 41. Bf2 Rhg8 42. Rg3 Rxg3+ 43. Bxg3 Rf8 44. Bxe5 fxe5 45. Rxf8 Kxf8 46. h5 c4 47. h6 b5 48. axb5 a4 49. b6 1-0

[Event "Sant Boi op 29th"]
[Site "Sant Boi de Llobregat"]
[Date "2017.05.05"]
[Round "3"]
[White "Valarezo Ricard, Pedro"]
[Black "Chalmeta Torredemer, Josep"]
[Result "1-0"]
[WhiteElo "1881"]
[BlackElo "2083"]
[PlyCount "77"]
[EventDate "2017.04.21"]
[EventType "swiss"]
[EventRounds "9"]
[EventCountry "ESP"]
[SourceTitle "CBM 187 Extra"]
[Source "ChessBase"]
[SourceDate "2018.11.04"]
[SourceVersion "1"]
[SourceVersionDate "2018.11.04"]
[SourceQuality "1"]

1. d4 Nf6 2. Bf4 e6 3. e3 c5 4. c3 Nc6 5. Nd2 d5 6. Bd3 Bd6 7. Bg3 h6 8. Ngf3 Bxg3 9. hxg3 Qe7 10. Ne5 Nxe5 11. dxe5 Nd7 12. Nf3 b6 13. Qe2 c4 14. Bc2 Nc5 15. Nd4 Bd7 16. Qg4 g6 17. Qf4 0-0-0 18. b4 Nb7 19. a4 a6 20. Nf3 Kc7 21. Qd4 Ra8 22. Ke2 Qd8 23. Qf4 Qf8 24. Qd4 Qd8 25. g4 Kb8 26. Qf4 Qf8 27. Qf6 Kc7 28. Rh3 Rh7 29. Ng5 Rg7 30. Rxh6 a5 31. b5 Nc5 32. Nh7 Qh8 33. Rah1 Ne4 34. Bxe4 dxe4 35. Qe7 Qd8 36. Qd6+ Kb7 37. Rd1 Kc8 38. Nf6 Ra7 39. Nxd7 1-0

[Event "Sant Boi Chalmeta Memorial op 28th"]
[Site "Sant Boi de Llobregat"]
[Date "2016.06.17"]
[Round "9"]
[White "Chalmeta Torredemer, Josep"]
[Black "Iglesias Ojeda, Fernando"]
[Result "1/2-1/2"]
[WhiteElo "2144"]
[BlackElo "2070"]
[PlyCount "56"]
[EventDate "2016.04.22"]
[EventType "swiss"]
[EventRounds "9"]
[EventCountry "ESP"]
[SourceTitle "EXT 2017"]
[Source "ChessBase"]
[SourceDate "2016.10.25"]
[SourceVersion "1"]
[SourceVersionDate "2016.10.25"]
[SourceQuality "1"]

1. d4 d6 2. c4 e5 3. dxe5 dxe5 4. Qxd8+ Kxd8 5. Nf3 f6 6. Nc3 c6 7. Be3 Be6 8. Nd2 Ne7 9. Bc5 Nc8 10. Bxf8 Rxf8 11. 0-0-0 Kc7 12. e3 Nd7 13. b3 a5 14. Kb2 Nc5 15. Nde4 Nxe4 16. Nxe4 b6 17. a4 Bf5 18. Nc3 Ne7 19. Bd3 Bxd3 20. Rxd3 Rfd8 21. Rhd1 Rxd3 22. Rxd3 f5 23. f3 Rd8 24. Rxd8 Kxd8 25. Kc2 Kd7 26. Nb1 Kd6 27. Kc3 Kc5 28. Na3 g5 1/2-1/2

[Event "Sant Boi Chalmeta Memorial op 28th"]
[Site "Sant Boi de Llobregat"]
[Date "2016.06.10"]
[Round "8"]
[White "Munoz Cuesta, Emilio Josep"]
[Black "Chalmeta Torredemer, Josep"]
[Result "0-1"]
[WhiteElo "2115"]
[BlackElo "2144"]
[PlyCount "84"]
[EventDate "2016.04.22"]
[EventType "swiss"]
[EventRounds "9"]
[EventCountry "ESP"]
[SourceTitle "EXT 2017"]
[Source "ChessBase"]
[SourceDate "2016.10.25"]
[SourceVersion "1"]
[SourceVersionDate "2016.10.25"]
[SourceQuality "1"]

1. f4 Nf6 2. Nf3 d5 3. g3 c6 4. d3 Bg4 5. Nbd2 Nbd7 6. Bg2 Qc7 7. c4 e5 8. cxd5 Nxd5 9. fxe5 Nxe5 10. Qa4 Bxf3 11. Nxf3 Bb4+ 12. Bd2 Bxd2+ 13. Nxd2 0-0 14. Bxd5 cxd5 15. Nb3 Rfe8 16. Qa5 Qxa5+ 17. Nxa5 b6 18. d4 Nf3+ 19. Kf2 Nxd4 20. e3 Nc2 21. Rac1 Nxe3 22. Nc6 Ng4+ 23. Kf3 Ne5+ 24. Nxe5 Rxe5 25. Rc7 Rae8 26. Rxa7 h5 27. Ra3 Rf5+ 28. Kg2 Re2+ 29. Kh3 Rxb2 30. Rb3 Rxb3 31. axb3 d4 32. Rd1 Rd5 33. Kg2 Kf8 34. Rd3 Ke7 35. Kf3 Kd6 36. Ke2 Re5+ 37. Kd2 Kd5 38. Rf3 f6 39. Rf4 f5 40. Kd3 Re3+ 41. Kc2 g6 42. Rf2 b5 0-1

[Event "Catalunya-chT Gp2 final"]
[Site "Barcelona"]
[Date "2016.04.16"]
[Round "4.4"]
[White "Garcia, Eduardo"]
[Black "Chalmeta Torredemer, Josep"]
[Result "1/2-1/2"]
[WhiteElo "2239"]
[BlackElo "2144"]
[PlyCount "56"]
[EventDate "2016.03.12"]
[EventType "team-tourn"]
[EventRounds "4"]
[EventCountry "ESP"]
[SourceTitle "EXT 2017"]
[Source "ChessBase"]
[SourceDate "2016.10.25"]
[SourceVersion "1"]
[SourceVersionDate "2016.10.25"]
[SourceQuality "1"]
[WhiteTeam "Montcada"]
[BlackTeam "Sant Boi"]
[WhiteTeamCountry "ESP"]
[BlackTeamCountry "ESP"]

1. e4 e6 2. d4 d5 3. e5 c5 4. c3 Qb6 5. Nf3 Nc6 6. a3 c4 7. Nbd2 Na5 8. Rb1 Bd7 9. Be2 h6 10. 0-0 0-0-0 11. b3 cxb3 12. Nxb3 Ba4 13. Nfd2 Kb8 14. Qc2 Rc8 15. Qb2 Nxb3 16. Nxb3 Bxb3 17. Qxb3 Qxb3 18. Rxb3 Ne7 19. Bd2 Nc6 20. Rfb1 Rc7 21. a4 Be7 22. f4 f6 23. Rb5 fxe5 24. fxe5 Rf8 25. Bg4 Nd8 26. Be2 Nc6 27. Bg4 Nd8 28. Be2 Nc6 1/2-1/2

[Event "Catalunya-chT Gp2 final"]
[Site "Barcelona"]
[Date "2016.04.09"]
[Round "3.3"]
[White "LLobet Reus, Pere"]
[Black "Chalmeta Torredemer, Josep"]
[Result "1/2-1/2"]
[WhiteElo "2208"]
[BlackElo "2144"]
[PlyCount "73"]
[EventDate "2016.03.12"]
[EventType "team-tourn"]
[EventRounds "4"]
[EventCountry "ESP"]
[SourceTitle "EXT 2017"]
[Source "ChessBase"]
[SourceDate "2016.10.25"]
[SourceVersion "1"]
[SourceVersionDate "2016.10.25"]
[SourceQuality "1"]
[WhiteTeam "Barcelona Unio Graciencia"]
[BlackTeam "Sant Boi"]
[WhiteTeamCountry "ESP"]
[BlackTeamCountry "ESP"]

1. e4 e6 2. d3 d5 3. Qe2 Be7 4. g3 Nf6 5. Bg2 0-0 6. Nf3 c5 7. 0-0 Nc6 8. e5 Nd7 9. c4 dxc4 10. dxc4 Qc7 11. Bf4 b6 12. Nc3 a6 13. Ne4 Bb7 14. Nf6+ Bxf6 15. exf6 e5 16. fxg7 Rfe8 17. Bh6 Nd4 18. Nxd4 exd4 19. Qh5 Bxg2 20. Kxg2 Qc6+ 21. Qd5 Qxh6 22. Qxd7 Rad8 23. Qc7 Qd6 24. Qxd6 Rxd6 25. Rfe1 Rxe1 26. Rxe1 Kxg7 27. Rb1 a5 28. Kf3 Rh6 29. a3 a4 30. b4 axb3 31. Rxb3 Rd6 32. Ke2 Kf6 33. a4 Re6+ 34. Kd2 Ke5 35. Ra3 Rf6 36. Ke2 Rd6 37. Kd3 1/2-1/2

[Event "Sant Boi de Llobregat op 21st"]
[Site "Sant Boi de Llobregat"]
[Date "2009.05.22"]
[Round "4.2"]
[White "Gonzalez Rodriguez, Jorge Armando"]
[Black "Chalmeta Torredemer, Josep"]
[Result "1-0"]
[WhiteElo "2407"]
[BlackElo "2191"]
[PlyCount "121"]
[EventDate "2009.04.24"]
[EventType "swiss"]
[EventRounds "8"]
[EventCountry "ESP"]
[SourceTitle "EXT 2024"]
[Source "ChessBase"]
[SourceDate "2023.10.10"]
[SourceVersion "1"]
[SourceVersionDate "2023.10.10"]
[SourceQuality "1"]

1. c4 e5 2. Nc3 g6 3. g3 Bg7 4. Bg2 Ne7 5. Nf3 Nbc6 6. 0-0 0-0 7. d3 d6 8. Rb1 f5 9. Bd2 Nd4 10. Nxd4 exd4 11. Nd5 c6 12. Nf4 Kh8 13. h4 Ng8 14. e3 Re8 15. b4 Bd7 16. a4 Qc7 17. b5 Rab8 18. a5 a6 19. bxc6 bxc6 20. Qc2 Ne7 21. exd4 Bxd4 22. Bc3 Be5 23. c5 Rb5 24. Rfe1 Rxb1 25. Rxb1 Nc8 26. Re1 Bxc3 27. Qxc3+ Kg8 28. Rxe8+ Bxe8 29. cxd6 Nxd6 30. Nd5 Qg7 31. Qb4 cxd5 32. Qxd6 Qa1+ 33. Kh2 Qxa5 34. Bxd5+ Bf7 35. Qb8+ Kg7 36. Qb2+ Kg8 37. Bxf7+ Kxf7 38. Qb7+ Kg8 39. d4 Qe1 40. Qb8+ Kf7 41. Qc7+ Ke8 42. Qb8+ Kd7 43. Qa7+ Kd6 44. Qc5+ Kd7 45. d5 Qe7 46. Qc6+ Kd8 47. Qxa6 Qc5 48. Qf6+ Kc7 49. Qe5+ Qd6 50. Qc3+ Kb6 51. Qe3+ Kb5 52. Qd4 Qc5 53. Qd3+ Kb6 54. Kg2 Kc7 55. h5 Kd6 56. hxg6 hxg6 57. Qa6+ Kxd5 58. Qxg6 Qc2 59. Qf7+ Kd6 60. Qf6+ Kd5 61. Qe7 1-0

[Event "Sant Boi de Llobregat op 20th"]
[Site "Sant Boi de Llobregat"]
[Date "2008.05.23"]
[Round "4.3"]
[White "Alonso Gonzalez, Carlos"]
[Black "Chalmeta Torredemer, Josep"]
[Result "1/2-1/2"]
[WhiteElo "2061"]
[BlackElo "2208"]
[PlyCount "86"]
[EventDate "2008.04.25"]
[EventType "swiss"]
[EventRounds "8"]
[EventCountry "ESP"]
[SourceTitle "EXT 2024"]
[Source "ChessBase"]
[SourceDate "2023.10.10"]
[SourceVersion "1"]
[SourceVersionDate "2023.10.10"]
[SourceQuality "1"]

1. e4 c5 2. Nf3 e6 3. d4 cxd4 4. Nxd4 d6 5. Nc3 a6 6. Be3 Nf6 7. f3 Be7 8. Qd2 Nc6 9. 0-0-0 Qc7 10. g4 Nd7 11. g5 b6 12. Bh3 Nxd4 13. Qxd4 0-0 14. f4 Bb7 15. Qd2 Nc5 16. Bxc5 Qxc5 17. Rhg1 Rfe8 18. f5 exf5 19. exf5 f6 20. Bg2 Bxg2 21. Qxg2 Qxf5 22. Nd5 Qxg5+ 23. Qxg5 fxg5 24. Nc7 Red8 25. Nxa8 Rxa8 26. Rge1 Ra7 27. c4 Rc7 28. Rxe7 Rxe7 29. Rxd6 Rc7 30. b3 b5 31. Rxa6 bxc4 32. b4 Rb7 33. a3 Kf7 34. Kc2 g4 35. Kc3 h5 36. Kxc4 Rc7+ 37. Kb3 Re7 38. b5 Re3+ 39. Kc2 Re2+ 40. Kc3 Rxh2 41. b6 Rh3+ 42. Kc2 Rh2+ 43. Kc3 Rh3+ 1/2-1/2

[Event "Catalunya-chT Primera Gp2"]
[Site "Catalunya"]
[Date "2008.02.17"]
[Round "4"]
[White "Chalmeta Torredemer, Josep"]
[Black "Almeida Toledano, Daniel"]
[Result "0-1"]
[WhiteElo "2208"]
[BlackElo "2278"]
[PlyCount "49"]
[EventDate "2008.01.27"]
[EventType "team-tourn"]
[EventRounds "9"]
[EventCountry "ESP"]
[SourceTitle "EXT 2019"]
[Source "ChessBase"]
[SourceDate "2018.10.10"]
[SourceVersion "1"]
[SourceVersionDate "2018.10.10"]
[SourceQuality "1"]

1. e4 c5 2. Nf3 e6 3. d3 Nc6 4. g3 d5 5. Nbd2 g6 6. Bg2 Bg7 7. 0-0 Nge7 8. c3 b6 9. Re1 Ba6 10. Bf1 0-0 11. a3 dxe4 12. dxe4 Bxf1 13. Nxf1 Qxd1 14. Rxd1 Na5 15. Bg5 Nec6 16. N1d2 h6 17. Be3 Rfd8 18. Kf1 g5 19. g4 Ne5 20. Nxe5 Bxe5 21. Ke2 Bxh2 22. Rh1 Bf4 23. Bxf4 gxf4 24. Rxh6 Rxd2+ 25. Kxd2 0-1

[Event "Catalunya-chT"]
[Site "Spain"]
[Date "2003.??.??"]
[Round "3"]
[White "De la Riva Aguado, Jorge"]
[Black "Chalmeta Torredemer, Josep"]
[Result "1/2-1/2"]
[WhiteElo "2271"]
[BlackElo "2216"]
[PlyCount "77"]
[EventDate "2003.??.??"]
[EventType "team"]
[EventRounds "9"]
[EventCountry "ESP"]
[SourceTitle "EXT 2007"]
[Source "ChessBase"]
[SourceDate "2006.11.23"]
[SourceVersion "1"]
[SourceVersionDate "2006.11.23"]
[SourceQuality "1"]

1. e4 e5 2. Nf3 Nc6 3. Bb5 a6 4. Ba4 Nf6 5. d3 b5 6. Bb3 Be7 7. 0-0 d6 8. c3 0-0 9. Re1 Na5 10. Bc2 c5 11. Nbd2 Qc7 12. Nf1 Bd7 13. Ne3 Rac8 14. h3 Nc6 15. g4 g6 16. Nh2 Be6 17. Bb3 Ne8 18. Bd5 Ng7 19. Qf3 Qd8 20. Nhf1 Bg5 21. Ng3 Rc7 22. Bxc6 Rxc6 23. Nd5 Bxd5 24. exd5 Rc7 25. Bxg5 Qxg5 26. Ne4 Qe7 27. Nf6+ Kh8 28. d4 cxd4 29. cxd4 Nf5 30. dxe5 dxe5 31. Ne4 Nd6 32. Rad1 f5 33. Nxd6 Qxd6 34. Qg3 Re7 35. Re2 Rc8 36. Qd3 Qf6 37. d6 Rd7 38. Red2 Rc6 39. Qf3 1/2-1/2

[Event "Sant Boi op-A"]
[Site "Sant Boi de Llobregat"]
[Date "2000.05.26"]
[Round "3"]
[White "Chalmeta Torredemer, Josep"]
[Black "Langa Ramiro, Ricardo"]
[Result "0-1"]
[WhiteElo "2285"]
[BlackElo "2150"]
[PlyCount "75"]
[EventDate "2000.05.12"]
[EventType "swiss"]
[EventRounds "7"]
[EventCountry "ESP"]
[SourceTitle "EXT 2003"]
[Source "ChessBase"]
[SourceDate "2002.11.25"]
[SourceVersion "1"]
[SourceVersionDate "2002.11.25"]
[SourceQuality "1"]

1. d4 d5 2. c4 c6 3. Nc3 Nf6 4. Nf3 g6 5. Bf4 Bg7 6. e3 0-0 7. h3 Qa5 8. Nd2 Nbd7 9. Be2 Re8 10. 0-0 a6 11. Rc1 e5 12. dxe5 Nxe5 13. Bxe5 Rxe5 14. cxd5 cxd5 15. Nb3 Qd8 16. Qd2 Re8 17. Rfd1 Be6 18. Nd4 Rc8 19. Rc2 b5 20. a3 Qb6 21. Rdc1 Nd7 22. Nxe6 fxe6 23. Ne4 Rxc2 24. Rxc2 Ne5 25. Ng5 Nc4 26. Qc1 Qd8 27. Nf3 Bf8 28. Bxc4 bxc4 29. e4 Qb6 30. Re2 Rd8 31. exd5 exd5 32. Qf4 Qd6 33. Ne5 Qe7 34. Re3 Qg7 35. Ng4 h5 36. Nf6+ Kh8 37. Ne8 Qg8 38. Nf6 0-1

[Event "Catalunya op-A"]
[Site "Spain"]
[Date "2000.??.??"]
[Round "1"]
[White "Palacin Martin, Ricardo"]
[Black "Chalmeta Torredemer, Josep"]
[Result "1/2-1/2"]
[WhiteElo "2046"]
[BlackElo "2238"]
[PlyCount "89"]
[EventDate "2000.??.??"]
[EventType "swiss"]
[EventRounds "9"]
[EventCountry "ESP"]
[SourceTitle "EXT 2003"]
[Source "ChessBase"]
[SourceDate "2002.11.25"]
[SourceVersion "1"]
[SourceVersionDate "2002.11.25"]
[SourceQuality "1"]

1. e4 c5 2. g3 Nc6 3. Bg2 g6 4. d3 Bg7 5. f4 d6 6. Nf3 f5 7. Qe2 Nf6 8. Nbd2 0-0 9. c3 Kh8 10. e5 dxe5 11. Nxe5 Nxe5 12. fxe5 Ng4 13. Nf3 Qd5 14. d4 cxd4 15. cxd4 Bd7 16. a4 Bc6 17. h3 Nh6 18. 0-0 e6 19. Be3 Qd7 20. Ng5 Nf7 21. Bxc6 Qxc6 22. Rfc1 Qd7 23. Qb5 Qe7 24. Qc5 Qe8 25. Nxf7+ Rxf7 26. Rc3 Rd7 27. Rac1 h6 28. Qa5 a6 29. Rc4 Rad8 30. Rc7 Kh7 31. Qb6 Rxc7 32. Rxc7 Rd7 33. b3 Rxc7 34. Qxc7 Qc6 35. Qxc6 bxc6 36. Bd2 Bf8 37. Kf2 Kg8 38. Ke3 Kf7 39. Kd3 Ke8 40. Kc4 Kd7 41. Ba5 g5 42. g4 f4 43. Bb6 Be7 44. Bc5 a5 45. Kd3 1/2-1/2

[Event "Sant Boi op"]
[Site "Sant Boi de Llobregat"]
[Date "1998.??.??"]
[Round "8"]
[White "Chalmeta Torredemer, Josep"]
[Black "Nunez Lucero, Francisco Alex"]
[Result "1/2-1/2"]
[WhiteElo "2290"]
[BlackElo "2220"]
[PlyCount "40"]
[EventDate "1998.??.??"]
[EventType "swiss"]
[EventRounds "8"]
[EventCountry "ESP"]
[SourceTitle "EXT 2003"]
[Source "ChessBase"]
[SourceDate "2002.11.25"]
[SourceVersion "1"]
[SourceVersionDate "2002.11.25"]
[SourceQuality "1"]

1. d4 d5 2. c4 e6 3. Nc3 c5 4. cxd5 cxd4 5. Qxd4 Nc6 6. Qd1 exd5 7. e3 Nf6 8. Nf3 Bb4 9. Bd2 0-0 10. Be2 Ne4 11. Rc1 Be6 12. a3 Bd6 13. Nb5 Nxd2 14. Qxd2 Be7 15. 0-0 Bf6 16. Nbd4 Nxd4 17. Nxd4 Qb6 18. Rc2 Rac8 19. Rfc1 Rxc2 20. Rxc2 Rc8 1/2-1/2